000 00664nam a2200193Ia 4500
003 GCL
008 140319s9999 xx 000 0 ara d
040 _aGCL /
_cGCL
082 0 4 _a962.065
_bص ا
100 1 _aصلاح الدين البستانى
245 1 0 _aاعمدة النكبة: بحث علمى فى اسباب هزيمة 5 حزيران /
_cصلاح الدين البستانى
700 1 _aصلاح الدين المنجد
300 _a199 ص
490 _aالهيئة العامة للاستعلامات
_v0
650 0 4 _aمصر
650 0 4 _aحرب يونيو 1967 - مصر
650 0 4 _aمصر - تاريخ - الثورات
942 _2ddc
_cBK
999 _c50683
_d50683